000 00418nam a2200181Ia 4500
008 210210b1925 xxu||||| |||| 00| 0 eng d
041 _aeng
082 _a829/790
100 _aMORIER (James)
245 _aHajji baba in England
260 _aLondon
_bOxford University Press
_c1925
650 _ain
650 _aHajji
650 _aEngland
650 _ababa
690 _aEnglish Fiction
906 _a017388
999 _c137355
_d137355